Religious progress through religious revivals / Frank Grenville Beardsley (Registro nro. 38286)
[ vista simple ]
| 000 -LÍDER | |
|---|---|
| Campo fijo de descripción fija | 003660000a22001330004500 |
| 041 0# - CÓDIGO DE IDIOMA | |
| Código de idioma para texto/pista de sonido o título separado | |
| 082 04 - NÚMERO DE CLASIFICACIÓN DECIMAL DEWEY | |
| Número de clasificación | G 269 Bea |
| 001 - NÚMERO DE CONTROL | |
| Campo de control | 8089 |
| 100 1# - ASIENTO PRINCIPAL--NOMBRE PERSONAL | |
| Nombre personal | Beardsley, Frank Grenville (1870-1954) |
| 245 10 - TÍTULO | |
| Título del Material | Religious progress through religious revivals / Frank Grenville Beardsley |
| 260 ## - PUBLICACIÓN, DISTRIBUCIÓN, ETC. (PIE DE IMPRENTA) | |
| Lugar de publicación, distribución, etc. | New York, NY., USA : American Tract Society |
| 300 ## - DESCRIPCIÓN FÍSICA | |
| Extensión | 181 Pag |
| 942 ## - TIPO DE MATERIAL (KOHA) | |
| Tipo de Item KOHA | Libros General |
No hay ítems disponibles.
